<?xml version="1.0" encoding="UTF-8"?>
<collection xmlns="http://www.loc.gov/MARC21/slim">
  <record>
    <leader>00000nam  2200000   4500</leader>
    <controlfield tag="001">INLIS000000000002733</controlfield>
    <controlfield tag="005">20180724150405</controlfield>
    <controlfield tag="008">180724|||||||||   |   |||   |||| ||   | </controlfield>
    <datafield tag="035" ind1=" " ind2=" ">
      <subfield code="0">010-0718002733</subfield>
    </datafield>
    <datafield tag="041" ind1=" " ind2=" ">
      <subfield code="a">id</subfield>
    </datafield>
    <datafield tag="082" ind1=" " ind2=" ">
      <subfield code="a">R. 081</subfield>
    </datafield>
    <datafield tag="090" ind1=" " ind2=" ">
      <subfield code="a">R. 081 PIM I Angkatan XXXVII 2017</subfield>
    </datafield>
    <datafield tag="100" ind1=" " ind2=" ">
      <subfield code="a">Marjuk, Yakobus</subfield>
    </datafield>
    <datafield tag="245" ind1=" " ind2=" ">
      <subfield code="a">Kebijakan Pembentukan Satgas Preventif Pengamanan Pilkada Serentak Tahun 2018 Di Provinsi Papua</subfield>
    </datafield>
    <datafield tag="260" ind1=" " ind2=" ">
      <subfield code="a">Jakarta</subfield>
      <subfield code="b">LAN Jakarta</subfield>
      <subfield code="c">2017</subfield>
    </datafield>
    <datafield tag="300" ind1=" " ind2=" ">
      <subfield code="a">iv; 20 hlm.; Lamp.; 30 cm</subfield>
    </datafield>
    <datafield tag="500" ind1=" " ind2=" ">
      <subfield code="a">Pada tahun 2018 akan diselenggarakan PILKADA serentak Gubernur, Walikota, dan Bupati se Indonesia termasuk di provinsi Papua.  Kebijakan pembentukan SATGAS Preventif pengamanan PILKADA serentak tahun 2018 di provinsi Papua merupakan upaya inovatif perubahan pola tindak dalam pengamanan PILKADA.  Bahwa kebijakan pembentukan SATGAS Preventif Pengamanan PILKADA serentak tahun 2018 di provinsi Papua guna mencegah dan meminimalisir konflik horizontal dan vertical dalam PILKADA serentak.  Bahwa kebijakan pembentukan SATGAS Preventif Pengamanan PILKADA serentak tahun 2018 di provinsi Papua dalam rangka PILKADA serentak tahun 2018 berlangsung dengan aman, lancar, dan damai serta terpilihnya Gubernur dan Bupati yang berkualitas secara legalitas dan legitimasi.</subfield>
    </datafield>
    <datafield tag="650" ind1=" " ind2=" ">
      <subfield code="a">Satgas</subfield>
    </datafield>
  </record>
</collection>
